000
00343 a2200157 4500
001
75351
020
_a
8526011138
040
_c
Anchieta - Colégio São Paulo
100
_a
Goulart, Warley
240
1
0
_a
O congo vem aí
_l
por
245
1
0
_a
O congo vem aí
300
_a
23
362
0
_a
2008
650
4
_a
Literatura infantil
942
_c
BK
999
_c
75351
_d
75351